[Event "SLO-chT U20"]
[Site "Nova Gorica"]
[Date "2009.08.24"]
[Round "5"]
[White "Skuhala, Jernej"]
[Black "Novak, Primoz"]
[Result "1-0"]
[WhiteElo "1635"]
[BlackElo "1620"]
[PlyCount "69"]
[EventDate "2009.08.22"]
[EventType "team-tourn"]
[EventRounds "9"]
[EventCountry "SLO"]
[SourceTitle "CBM 132 Extra"]
[Source "ChessBase"]
[SourceDate "2009.11.03"]
[SourceVersion "1"]
[SourceVersionDate "2009.11.03"]
[SourceQuality "1"]

1. e4 c5 2. Nf3 d6 3. d4 cxd4 4. Nxd4 Nf6 5. Nc3 a6 6. Be3 e5 7. f3 exd4 8. Bxd4 Nc6 9. Be3 Be7 10. Qd2 b5 11. 0-0-0 Be6 12. g4 Qc7 13. h4 Ne5 14. Bg2 Rc8 15. Bd4 Qa5 16. b3 0-0 17. h5 Rc6 18. g5 Nfd7 19. f4 b4 20. Na4 Rfc8 21. fxe5 Rxc2+ 22. Qxc2 Bxg5+ 23. Kb2 Rxc2+ 24. Kxc2 Qc7+ 25. Kb1 dxe5 26. Bb2 h6 27. Bf3 Nc5 28. Rc1 Bxc1 29. Rxc1 Qd6 30. Nxc5 a5 31. Be2 Qd2 32. Nxe6 Qxe2 33. Rc8+ Kh7 34. Nf8+ Kg8 35. Ng6+ 1-0

[Event "SLO-chT U20"]
[Site "Nova Gorica"]
[Date "2009.08.22"]
[Round "1"]
[White "Kralj, Samo"]
[Black "Novak, Primoz"]
[Result "0-1"]
[WhiteElo "1810"]
[BlackElo "1620"]
[PlyCount "164"]
[EventDate "2009.08.22"]
[EventType "team-tourn"]
[EventRounds "9"]
[EventCountry "SLO"]
[SourceTitle "CBM 132 Extra"]
[Source "ChessBase"]
[SourceDate "2009.11.03"]
[SourceVersion "1"]
[SourceVersionDate "2009.11.03"]
[SourceQuality "1"]

1. e4 c5 2. Nf3 d6 3. d4 cxd4 4. Nxd4 Nf6 5. Nc3 a6 6. Bc4 e6 7. 0-0 Be7 8. f4 0-0 9. Kh1 b5 10. Bd3 Qc7 11. Qf3 Bb7 12. Qh3 e5 13. Nf5 b4 14. Nd5 Bxd5 15. exd5 e4 16. Re1 exd3 17. Rxe7 Qxc2 18. Ne3 Qe2 19. Qf3 Qe1+ 20. Qf1 d2 21. Bxd2 Qxd2 22. Nc4 Qxd5 23. Nb6 Qc6 24. Nxa8 Qxa8 25. Qc4 a5 26. Rae1 d5 27. Qc5 Nbd7 28. Qd6 Rd8 29. a3 Qb7 30. Rxf7 Kxf7 31. Qe7+ Kg6 32. Qxd8 bxa3 33. bxa3 Qb6 34. Qe7 Qc5 35. Qe2 Qxa3 36. h4 Qb4 37. h5+ Kh6 38. Qe3 Kxh5 39. Qg3 h6 40. Rf1 Qc4 41. Re1 Qb4 42. Rf1 g5 43. Qd3 Qe4 44. Qg3 Qe2 45. Qh3+ Kg6 46. Kg1 d4 47. fxg5 hxg5 48. Qf5+ Kh6 49. Rf3 Qe1+ 50. Kh2 g4 51. Qf4+ Kg6 52. Qf5+ Kh6 53. Qf4+ Kh7 54. Qf5+ Kh8 55. Rf4 Qe3 56. Rf1 d3 57. Qxa5 d2 58. Rd1 Qh6+ 59. Kg1 g3 60. Rxd2 Qh2+ 61. Kf1 Qh1+ 62. Ke2 Qxg2+ 63. Kd1 Qf1+ 64. Kc2 Qf4 65. Qd8+ Kg7 66. Rxd7+ Nxd7 67. Qxd7+ Kf6 68. Qd8+ Kf5 69. Qd7+ Ke4 70. Qd3+ Ke5 71. Qb5+ Kf6 72. Qc6+ Kg5 73. Kd1 Qf1+ 74. Kd2 Qf2+ 75. Kd1 g2 76. Qd5+ Kg4 77. Qg8+ Kh3 78. Qh7+ Qh4 79. Qd3+ Kh2 80. Qe2 Qd4+ 81. Ke1 Qc3+ 82. Kd1 Qa1+ 0-1

[Event "SLO-chT2 East"]
[Site "Brezice Maribor"]
[Date "2008.09.13"]
[Round "6"]
[White "Novak, Primoz"]
[Black "Kores, Damjan"]
[Result "0-1"]
[WhiteElo "1579"]
[BlackElo "1788"]
[PlyCount "40"]
[EventDate "2008.10.24"]
[EventType "team-tourn"]
[EventRounds "9"]
[EventCountry "SLO"]
[SourceTitle "EXT 2010"]
[Source "ChessBase"]
[SourceDate "2010.11.25"]
[SourceVersion "1"]
[SourceVersionDate "2010.11.25"]
[SourceQuality "1"]

1. c4 Nf6 2. Nc3 d5 3. cxd5 Nxd5 4. Nxd5 Qxd5 5. Nf3 e5 6. e3 e4 7. Nd4 Bd7 8. b3 Bc5 9. Bc4 Qg5 10. 0-0 Bh3 11. g3 Bxd4 12. exd4 Bxf1 13. Qxf1 0-0 14. Qg2 Nc6 15. d3 Qg4 16. d5 Ne5 17. dxe4 Nf3+ 18. Kf1 Nh4 19. Be2 Qxe2+ 20. Kxe2 Nxg2 0-1

[Event "SLO-chT U20 17th"]
[Site "Murska Sobota"]
[Date "2008.08.25"]
[Round "1.2"]
[White "Pavsic, Andrej"]
[Black "Novak, Primoz"]
[Result "1/2-1/2"]
[WhiteElo "1575"]
[BlackElo "1596"]
[PlyCount "100"]
[EventDate "2008.08.30"]
[EventType "team-tourn"]
[EventRounds "7"]
[EventCountry "SLO"]
[SourceTitle "EXT 2010"]
[Source "ChessBase"]
[SourceDate "2010.11.25"]
[SourceVersion "1"]
[SourceVersionDate "2010.11.25"]
[SourceQuality "1"]
[WhiteTeam "Hidria Tolmin"]
[BlackTeam "Triglav Krsko"]
[WhiteTeamCountry "SLO"]
[BlackTeamCountry "SLO"]

1. e4 c5 2. Nf3 d6 3. d4 cxd4 4. Nxd4 Nf6 5. Nc3 a6 6. a4 e5 7. Nb3 Be6 8. Bg5 Be7 9. Bxf6 Bxf6 10. Nd5 Nd7 11. a5 Rc8 12. c4 0-0 13. Be2 Bg5 14. 0-0 Nc5 15. Nxc5 dxc5 16. Qb3 Rb8 17. Rfd1 f5 18. Qb6 Qxb6 19. Nxb6 fxe4 20. Rd6 Rfe8 21. Rad1 Kf7 22. Nd7 Rbd8 23. Nxc5 Rxd6 24. Rxd6 Be7 25. Rxe6 Bxc5 26. Rxe8 Kxe8 27. Bd1 e3 28. fxe3 Bxe3+ 29. Kf1 Kd8 30. Ke2 Bd4 31. b3 Bc3 32. Kd3 Bxa5 33. Ke4 Bc3 34. Kd5 Ke7 35. h4 h6 36. g4 a5 37. Be2 Kf6 38. Ke4 Be1 39. h5 b6 40. Bf3 Ke6 41. Kd3 Kd6 42. Bd5 Kc5 43. Bf3 b5 44. cxb5 Kxb5 45. Bg2 Bg3 46. Bf3 Bf4 47. Bg2 Kb4 48. Kc2 Kc5 49. Kd3 Bg5 50. Bf3 Kd6 1/2-1/2

[Event "SLO-chT2 East"]
[Site "Brezice Maribor"]
[Date "2008.05.24"]
[Round "1"]
[White "Novak, Primoz"]
[Black "Marguc, Franc"]
[Result "0-1"]
[WhiteElo "1579"]
[BlackElo "1966"]
[PlyCount "46"]
[EventDate "2008.10.24"]
[EventType "team-tourn"]
[EventRounds "9"]
[EventCountry "SLO"]
[SourceTitle "EXT 2010"]
[Source "ChessBase"]
[SourceDate "2010.11.25"]
[SourceVersion "1"]
[SourceVersionDate "2010.11.25"]
[SourceQuality "1"]

1. e4 e6 2. d4 d5 3. exd5 exd5 4. Nf3 Nf6 5. Bd3 Bg4 6. Bf4 Bd6 7. Qe2+ Be7 8. Nbd2 0-0 9. h3 Bh5 10. g4 Bg6 11. 0-0-0 Re8 12. Ne5 Nbd7 13. Ndf3 Bxd3 14. Rxd3 Ne4 15. h4 f6 16. Nxd7 Qxd7 17. Nd2 Bd6 18. Qf3 Bxf4 19. Qxf4 Qd6 20. Qxd6 Nxd6 21. f3 Re7 22. Kd1 Rae8 23. Nb3 Nc4 0-1

[Event "SLO-ch U18"]
[Site "Postojna"]
[Date "2008.02.25"]
[Round "2"]
[White "Zupancic, Jernej"]
[Black "Novak, Primoz"]
[Result "1-0"]
[WhiteElo "2008"]
[BlackElo "1579"]
[PlyCount "53"]
[EventDate "2008.02.24"]
[EventType "swiss"]
[EventRounds "9"]
[EventCountry "SLO"]
[SourceTitle "EXT 2010"]
[Source "ChessBase"]
[SourceDate "2010.11.25"]
[SourceVersion "1"]
[SourceVersionDate "2010.11.25"]
[SourceQuality "1"]

1. e4 c5 2. Nf3 d6 3. d4 cxd4 4. Nxd4 Nf6 5. Nc3 a6 6. Bg5 e6 7. f4 Qc7 8. Qf3 Nbd7 9. 0-0-0 b5 10. Bd3 Bb7 11. Rhe1 Rc8 12. Qe2 Be7 13. Qf2 Nc5 14. a3 Nxd3+ 15. Rxd3 Qc5 16. e5 dxe5 17. fxe5 Nd5 18. Ne4 Bxg5+ 19. Nxg5 Qe7 20. Ne4 0-0 21. Rg3 f6 22. exf6 Nxf6 23. Nxf6+ Rxf6 24. Qe3 Bd5 25. Qe5 Kh8 26. Qxd5 Qe8 27. Qe5 1-0

[Event "SLO-ch U18"]
[Site "Postojna"]
[Date "2008.02.24"]
[Round "1"]
[White "Novak, Primoz"]
[Black "Gorsek, Gregor"]
[Result "1-0"]
[WhiteElo "1579"]
[BlackElo "1941"]
[PlyCount "101"]
[EventDate "2008.02.24"]
[EventType "swiss"]
[EventRounds "9"]
[EventCountry "SLO"]
[SourceTitle "EXT 2010"]
[Source "ChessBase"]
[SourceDate "2010.11.25"]
[SourceVersion "1"]
[SourceVersionDate "2010.11.25"]
[SourceQuality "1"]

1. e4 d6 2. d4 g6 3. Nf3 Bg7 4. h3 Nf6 5. Nc3 0-0 6. Bc4 c6 7. 0-0 b5 8. Bd3 Nbd7 9. Re1 Nb6 10. Bf4 Nfd7 11. e5 dxe5 12. Nxe5 Nxe5 13. dxe5 Be6 14. b3 Qc7 15. Qd2 Rfd8 16. Bg3 b4 17. Nd1 c5 18. c4 Bf5 19. Nb2 Qd7 20. Rad1 Be6 21. Qe3 Qc7 22. Be4 Rac8 23. Nd3 Rd4 24. f4 Rdd8 25. Bf2 Nd7 26. g4 f5 27. gxf5 Bxf5 28. Bxf5 gxf5 29. Kh2 e6 30. Rg1 Kh8 31. Rg2 Rg8 32. Rdg1 Qc6 33. Bh4 Bh6 34. Bf6+ Nxf6 35. exf6 Qe4 36. Rxg8+ Rxg8 37. Rxg8+ Kxg8 38. Qxe4 fxe4 39. Nxc5 Bxf4+ 40. Kg2 Kf7 41. Nxe4 Kg6 42. Kf3 Be5 43. h4 h6 44. c5 Kf7 45. Kg4 Kg6 46. c6 h5+ 47. Kf3 Kf7 48. Ke3 Ke8 49. Kd3 Kd8 50. f7 Ke7 51. Ng5 1-0

[Event "SLO-chT U20"]
[Site "Murska Sobota"]
[Date "2007.08.29"]
[Round "7"]
[White "Nadvesnik, Maja"]
[Black "Novak, Primoz"]
[Result "1-0"]
[WhiteElo "1791"]
[BlackElo "1576"]
[PlyCount "67"]
[EventDate "2007.08.25"]
[EventType "team-swiss"]
[EventRounds "9"]
[EventCountry "SLO"]
[SourceTitle "CBM 120 Extra"]
[Source "ChessBase"]
[SourceDate "2007.11.01"]
[SourceVersion "1"]
[SourceVersionDate "2007.11.01"]
[SourceQuality "1"]

1. e4 c5 2. Nf3 d6 3. d4 cxd4 4. Nxd4 Nc6 5. Nc3 g6 6. Be2 Bg7 7. Nb3 Nf6 8. 0-0 0-0 9. Re1 a6 10. a4 b6 11. Bf1 Bb7 12. Bg5 Rc8 13. Nd5 Nd7 14. c3 Re8 15. Qd2 Nce5 16. Bh6 Nc4 17. Bxc4 Rxc4 18. Bxg7 Kxg7 19. Nd4 e6 20. b3 Rc8 21. Nb4 Nc5 22. Qc2 Qc7 23. f3 f5 24. exf5 gxf5 25. c4 Qf7 26. Nd3 Qf6 27. Ne2 e5 28. Nxc5 bxc5 29. Ng3 Kg6 30. Rad1 h5 31. Nxf5 e4 32. Nxd6 Ba8 33. Nxc8 Rxc8 34. fxe4 1-0

[Event "SLO-chT U20"]
[Site "Murska Sobota"]
[Date "2007.08.26"]
[Round "2"]
[White "Zupancic, Urban"]
[Black "Novak, Primoz"]
[Result "1-0"]
[WhiteElo "1824"]
[BlackElo "1576"]
[PlyCount "60"]
[EventDate "2007.08.25"]
[EventType "team-swiss"]
[EventRounds "9"]
[EventCountry "SLO"]
[SourceTitle "CBM 120 Extra"]
[Source "ChessBase"]
[SourceDate "2007.11.01"]
[SourceVersion "1"]
[SourceVersionDate "2007.11.01"]
[SourceQuality "1"]

1. e4 c5 2. Nf3 d6 3. d4 cxd4 4. Nxd4 Nf6 5. Nc3 a6 6. Bg5 e6 7. f4 Be7 8. Qf3 Qc7 9. 0-0-0 0-0 10. Bd3 b5 11. Qg3 Kh8 12. e5 dxe5 13. fxe5 Nh5 14. Qh4 Bxg5+ 15. Qxg5 g6 16. g4 Ng7 17. Ne4 Nd7 18. Nf3 Bb7 19. Qh6 f6 20. Nfg5 fxg5 21. Nxg5 Nf6 22. exf6 Nf5 23. gxf5 exf5 24. f7 Rxf7 25. Nxf7+ Qxf7 26. Rhe1 Bf3 27. Be2 Be4 28. Qe3 Qxa2 29. Qc3+ Kg8 30. Rd7 Qe6 1-0

[Event "SLO-chT U20"]
[Site "Nova Gorica"]
[Date "2004.08.25"]
[Round "7"]
[White "Novak, Primoz"]
[Black "Lendero, Peter"]
[Result "0-1"]
[WhiteElo "1500"]
[BlackElo "1835"]
[PlyCount "50"]
[EventDate "2004.08.21"]
[EventType "team"]
[EventRounds "9"]
[EventCountry "SLO"]
[SourceTitle "EXT 2009"]
[Source "ChessBase"]
[SourceDate "2008.11.26"]
[SourceVersion "1"]
[SourceVersionDate "2008.11.26"]
[SourceQuality "1"]

1. e4 c6 2. d4 d5 3. e5 Bf5 4. Nc3 e6 5. Bd3 Bg6 6. Nf3 c5 7. 0-0 Nc6 8. Be3 cxd4 9. Bxd4 Nxd4 10. Nxd4 a6 11. Kh1 Bc5 12. Nb3 Ba7 13. f4 Ne7 14. Ne2 Nf5 15. Qd2 0-0 16. Rfd1 Qh4 17. Rf1 Ne3 18. Rf3 Ng4 19. h3 Bh5 20. Rff1 Ne3 21. Rfe1 Nxg2 22. Kh2 Nxe1 23. Qxe1 Bf2 24. Qf1 Bxe2 25. Qxe2 Qg3+ 0-1

[Event "SLO-chT U20"]
[Site "Nova Gorica"]
[Date "2004.08.24"]
[Round "6"]
[White "Lorger, Rastko"]
[Black "Novak, Primoz"]
[Result "1-0"]
[WhiteElo "1710"]
[BlackElo "1500"]
[PlyCount "93"]
[EventDate "2004.08.21"]
[EventType "team"]
[EventRounds "9"]
[EventCountry "SLO"]
[SourceTitle "EXT 2009"]
[Source "ChessBase"]
[SourceDate "2008.11.26"]
[SourceVersion "1"]
[SourceVersionDate "2008.11.26"]
[SourceQuality "1"]

1. d4 Nf6 2. c4 g6 3. Nc3 d5 4. Bg5 Ne4 5. Nxe4 dxe4 6. e3 Bg7 7. Ne2 c5 8. Qd2 Nc6 9. Rd1 Nb4 10. Nc3 cxd4 11. exd4 Bg4 12. Be2 Nd3+ 13. Kf1 Bxe2+ 14. Qxe2 h6 15. Nxe4 hxg5 16. Qxd3 g4 17. b3 Qc7 18. g3 Qc6 19. d5 Qb6 20. Qe2 f5 21. Ng5 Bf6 22. Ne6 Kf7 23. Nf4 Rad8 24. Qe6+ Qxe6 25. Nxe6 Rd6 26. Ke2 Rb8 27. a4 a6 28. b4 Rc8 29. c5 Rd7 30. Rd3 Be5 31. h4 Rh8 32. Rb1 b5 33. a5 Rc8 34. Rc1 Kf6 35. c6 Ra7 36. Nc5 Kf7 37. f4 Bd6 38. Kd2 Raa8 39. Kc3 Ra7 40. Kb3 Rcc7 41. Re1 Rc8 42. Nb7 Raa8 43. Nxd6+ exd6 44. Re6 Rd8 45. Kc3 Ra7 46. Kd4 Rc7 47. Rd1 1-0

[Event "SLO-chT U20"]
[Site "Nova Gorica"]
[Date "2004.08.22"]
[Round "2"]
[White "Borisek, Jure"]
[Black "Novak, Primoz"]
[Result "1-0"]
[WhiteElo "2465"]
[BlackElo "1500"]
[PlyCount "29"]
[EventDate "2004.08.21"]
[EventType "team"]
[EventRounds "9"]
[EventCountry "SLO"]
[SourceTitle "EXT 2009"]
[Source "ChessBase"]
[SourceDate "2008.11.26"]
[SourceVersion "1"]
[SourceVersionDate "2008.11.26"]
[SourceQuality "1"]

1. d4 Nf6 2. Nc3 g6 3. e4 d5 4. e5 Nh5 5. Be2 Ng7 6. h4 Nc6 7. h5 b6 8. hxg6 fxg6 9. Nf3 Bb7 10. Bd3 Nf5 11. Bxf5 gxf5 12. Ng5 h6 13. e6 Qc8 14. Qh5+ Kd8 15. Nf7+ 1-0